00325nam a2200121Ia 4500008004100000020001800041041000800059082002600067100002100093245002900114260005100143300000900194230411s9999 xx 000 0 und d a81-239-0781-8 aeng aF/610.7304/AGG/B02256 aAggarwal Praveen aFirst aid in emergencies bCBS Publishers & DistributorsaNew Delhic2002 a161p